III Congreso Internacional de Sociedades de Químicos de la Industria del Cuero
Descripción Física:
Il·lustracions
Colección:
San Jorge,
; núm. 12 (octubre 1953), pàg 126-127
Materias:
Congreso Internacional de Sociedades de Químicos de la Industria del Cuero -- (3r : -- 1953 : -- Barcelona, Catalunya)
; Cuir -- Indústria i comerç
; Cuir -- Congressos
Idioma:
Español
MARC
| LEADER | 00000naa a2200000 a 4500 | ||
|---|---|---|---|
| 003 | Arxiu | ||
| 005 | 20260324181042.0 | ||
| 008 | 160829s1953 spcaxx s spa c | ||
| 040 | |a agdb | ||
| 245 | 0 | 0 | |a III Congreso Internacional de Sociedades de Químicos de la Industria del Cuero |
| 246 | 3 | 3 | |a Tercer Congreso Internacional de Sociedades de Químicos de la Industria del Cuero |
| 300 | |b Il·lustracions | ||
| 490 | |a San Jorge, |v núm. 12 (octubre 1953), pàg 126-127 | ||
| 611 | 0 | |9 54831 |a Congreso Internacional de Sociedades de Químicos de la Industria del Cuero |n (3r : |d 1953 : |c Barcelona, Catalunya) | |
| 650 | |a Cuir |x Indústria i comerç |9 33539 | ||
| 650 | |a Cuir |x Congressos |9 33540 | ||
| 773 | |g Núm. 12 (octubre 1953), pàg 126-127 |t San Jorge. | ||
| 901 | |a Arxiu | ||
| 942 | |n 1 |2 udc |c ART | ||
| 952 | |0 0 |1 0 |2 udc |4 0 |6 REV508 |7 1 |9 64541 |a Arxiu |b Arxiu |d 2022-12-01 |o Rev-508 |r 2022-12-01 00:00:00 |w 2022-12-01 |y ARXIU |z També disponible a Rev-522 | ||
| 999 | |c 49857 |d 49857 | ||